[Event "Concepcion Lesly Memorial"]
[Site "Concepcion"]
[Date "2014.03.15"]
[Round "7"]
[White "Ruiz Zenteno, Leonardo Marcial"]
[Black "Ozimica Perez, Marcelo"]
[Result "1/2-1/2"]
[WhiteElo "1991"]
[BlackElo "1890"]
[PlyCount "60"]
[EventDate "2014.03.01"]
[EventType "tourn"]
[EventRounds "9"]
[EventCountry "CHI"]
[SourceTitle "EXT 2016"]
[Source "ChessBase"]
[SourceDate "2015.10.08"]
[SourceVersion "1"]
[SourceVersionDate "2015.10.08"]
[SourceQuality "1"]

1. e4 e5 2. Nf3 f5 3. Nxe5 Nc6 4. Nxc6 dxc6 5. Nc3 Bc5 6. d3 Nf6 7. Be2 fxe4 8. Nxe4 Nxe4 9. dxe4 Qh4 10. 0-0 0-0 11. Bc4+ Kh8 12. Be3 Bxe3 13. fxe3 Bg4 14. Qe1 Qe7 15. Rxf8+ Rxf8 16. Bd3 Bh5 17. Qg3 Bg6 18. e5 Re8 19. Bxg6 hxg6 20. Qxg6 Qxe5 21. Re1 Re6 22. Qg3 Qxb2 23. Qh3+ Rh6 24. Qc8+ Kh7 25. Qf5+ Kg8 26. Rd1 Rd6 27. Qc8+ Kf7 28. Qf5+ Kg8 29. Qc8+ Kf7 30. Qf5+ Kg8 1/2-1/2

[Event "Concepcion Lesly Memorial"]
[Site "Concepcion"]
[Date "2014.03.09"]
[Round "6"]
[White "Ozimica Perez, Marcelo"]
[Black "Tejos Godoy, Rodrigo Andres"]
[Result "1-0"]
[WhiteElo "1890"]
[BlackElo "1849"]
[PlyCount "49"]
[EventDate "2014.03.01"]
[EventType "tourn"]
[EventRounds "9"]
[EventCountry "CHI"]
[SourceTitle "EXT 2016"]
[Source "ChessBase"]
[SourceDate "2015.10.08"]
[SourceVersion "1"]
[SourceVersionDate "2015.10.08"]
[SourceQuality "1"]

1. e4 e5 2. Nf3 Nc6 3. d4 exd4 4. c3 d6 5. Bc4 Ne5 6. Nxe5 dxe5 7. Qb3 Qf6 8. cxd4 Bd6 9. dxe5 Bxe5 10. 0-0 Nh6 11. Bxh6 gxh6 12. Nd2 Bg4 13. Bxf7+ Kf8 14. Bd5 c6 15. Qxb7 Rd8 16. Qxc6 Qf4 17. Qc5+ Bd6 18. g3 Qxd2 19. Qxa7 Rd7 20. Qa4 Bh3 21. Rfc1 Ke7 22. e5 Qxd5 23. exd6+ Kd8 24. Qh4+ Qg5 25. Qxh3 1-0

[Event "Concepcion Lesly Memorial"]
[Site "Concepcion"]
[Date "2014.03.01"]
[Round "1"]
[White "Escobar Bravo, Felipe"]
[Black "Ozimica Perez, Marcelo"]
[Result "1-0"]
[WhiteElo "1809"]
[BlackElo "1890"]
[PlyCount "103"]
[EventDate "2014.03.01"]
[EventType "tourn"]
[EventRounds "9"]
[EventCountry "CHI"]
[SourceTitle "EXT 2016"]
[Source "ChessBase"]
[SourceDate "2015.10.08"]
[SourceVersion "1"]
[SourceVersionDate "2015.10.08"]
[SourceQuality "1"]

1. e4 e5 2. Nf3 f5 3. d4 fxe4 4. Nxe5 Nf6 5. Be2 d6 6. Ng4 Be7 7. Nc3 d5 8. Be3 c6 9. Ne5 0-0 10. Qd2 Nbd7 11. Nxd7 Bxd7 12. h3 b5 13. a4 b4 14. Na2 a5 15. c3 Qb6 16. 0-0 Rfb8 17. c4 c5 18. Rac1 Bxa4 19. dxc5 Bxc5 20. Bxc5 Qxc5 21. cxd5 Qd6 22. Qe3 Bb5 23. Rfd1 Bxe2 24. Qxe2 Rc8 25. Rc4 Rc5 26. Rcd4 Rac8 27. Qe3 Rc2 28. R4d2 Rxd2 29. Rxd2 Rc5 30. Rd4 Rxd5 31. Rxd5 Qxd5 32. Nc1 Nd7 33. Qe1 Ne5 34. Ne2 Nd3 35. Qd2 Qc5 36. Kh2 Qe5+ 37. Ng3 Qxb2 38. Qg5 Qe5 39. Qd8+ Kf7 40. Qd7+ Kf6 41. Qd8+ Kf7 42. Qd7+ Kg6 43. Qg4+ Kf6 44. Kg1 Qf4 45. Nh5+ Ke5 46. Nxf4 Nxf4 47. Qg5+ Kd4 48. Qxf4 a4 49. Qd2+ Kc4 50. Qc2+ Kb5 51. Qxe4 a3 52. Qc2 1-0